000 02186nam0a2200409 4500
001 RU\NLR\BIBL_A\011370947
005 20260407140411.0
010 _a978-5-903417-21-6
_91000
021 _aRU
_b2017-20355
_91503
035 _a(RuMoRGB)008831413
035 _a(NLR Aleph) 011370947
090 _a11350859
_c11350859
100 _a20170419d2010 |||y0rusy50 ca
101 0 _arus
_deng
102 _aRU
105 _aacb|z|||000yy
200 1 _aИскусство и культура Кореи
_dArt and culture of Korea
_eпутеводитель по постоянной экспозиции
_fИ.А. Елисеева
_gГосударственный музей Востока
_zeng
210 _aМосква
_cГосударственный музей Востока
_d2010
215 _a159 с.
_cцв. ил., портр., карт.
_d22
225 1 _aСерия "Коллекции музея Востока"
300 _aАвт. также на англ. яз.: I.A. Elisseeva
300 _aРез. на англ. яз.
320 _aБиблиогр.: с. 155-156 (25 назв.)
510 1 _6z77790
_aArt and culture of Korea
_zeng
601 0 2 _aГосударственный музей Востока
_cМосква, город
_jПутеводители
_xКоллекция изобразительного искусства
_92510198
_3RU\NLR\AUTH\661488168
606 _aИзобразительное искусство корейское
_jПутеводители
_92589281
_3RU\NLR\AUTH\661530263
686 _aЩ103(5Ко) л61
_2rubbk
686 1 _aЩ103(5Ко) я23
686 1 _aЩ101.3(2Р)-2Москва2Музей Востока я23
700 1 _7ca
_8rus
_aЕлисеева
_bИ. А.
_cискусствовед
_f1958-
_gИрина Александровна
_9173209
_3RU\NLR\AUTH\770173260
712 0 2 _4570
_aГосударственный музей Востока
_cМосква
_3RU\NLR\AUTH\8810006580
_9510682
790 1 _7ba
_8rus
_aEliseeva
_bI. A.
_cискусствовед
_f1958-
_gIrina Aleksandrovna
_9173210
_3RU\NLR\AUTH\770173261
942 _cBOOK
980 _aNB